000 00596nam a22001937a 4500
008 150519b xxu||||| |||| 00| 0 eng d
020 _a9780073380698
020 _a0073380695
041 0 _aeng
080 _a621
100 1 _aSandige, Richard S.
245 0 0 _aFundamentals of digital and computer design with VHDL /
_cRichard S. Sandige, Michael L. Sandige.
260 _aNew York :
_bMcGraw Hill,
_cc2012.
300 _a 716 f.:
_bme il.;
_c27 cm.
500 _aIncludes index.
650 0 _aDigital electronics.
_xDesign and construction
700 1 _aSandige, Michael L.
942 _2udc
_cBK
999 _c832
_d832